[Event "4NCL Division 3"]
[Site "Daventry Court ENG"]
[Date "2014.03.23"]
[Round "8.167"]
[White "Adams, Mark A"]
[Black "Acey, Gerald"]
[Result "1/2-1/2"]
[WhiteElo "1976"]
[BlackElo "2128"]
[PlyCount "69"]
[EventDate "2014.03.23"]
[WhiteTeam "The Full Ponty"]
[BlackTeam "Cheddleton 2"]

1. e4 e5 2. Nf3 Nc6 3. Nc3 Nf6 4. d4 exd4 5. Nxd4 Bb4 6. Nxc6 bxc6 7. Bd3 d5 8.
exd5 cxd5 9. O-O O-O 10. Bg5 c6 11. Qf3 Be7 12. Rfe1 Be6 13. h3 Rb8 14. Nd1 c5
15. b3 d4 16. Bxf6 Bxf6 17. Nb2 Re8 18. Kf1 Qd6 19. g4 h5 20. Rab1 Bh4 21. Bc4
Re7 22. Kg1 Rbe8 23. Nd3 Bxc4 24. Rxe7 Qxe7 25. bxc4 Qe6 26. Re1 Qd7 27. Rxe8+
Qxe8 28. gxh5 Qa4 29. Qa8+ Kh7 30. Qe4+ Kg8 31. Qxh4 Qxc2 32. Qe4 Qxc4 33. Qe8+
Kh7 34. Qe4+ Kg8 35. Qe8+ 1/2-1/2

[Event "4NCL Division 3"]
[Site "Daventry Court ENG"]
[Date "2014.03.23"]
[Round "8.168"]
[White "Richardson, Alex"]
[Black "Davies, Peter L"]
[Result "1-0"]
[WhiteElo "2110"]
[BlackElo "1978"]
[PlyCount "103"]
[EventDate "2014.03.23"]
[WhiteTeam "Cheddleton 2"]
[BlackTeam "The Full Ponty"]

1. c4 e5 2. Nc3 Nc6 3. Nf3 g6 4. d4 exd4 5. Nxd4 Bg7 6. Nxc6 bxc6 7. g3 Rb8 8.
Bg2 Nf6 9. O-O O-O 10. Qc2 Bb7 11. h3 Qe7 12. e4 Qb4 13. b3 Rfe8 14. Bd2 Qf8
15. Rfe1 d6 16. Rac1 Rbd8 17. Rcd1 Nd7 18. Bg5 Rb8 19. Be3 a6 20. f4 Rbd8 21.
Bf2 Bf6 22. b4 Qg7 23. Na4 Nf8 24. c5 g5 25. f5 Be5 26. cxd6 cxd6 27. Nb6 Bc3
28. Rf1 Bxb4 29. Bd4 Bc5 30. Qxc5 dxc5 31. Bxg7 Kxg7 32. Nc4 f6 33. e5 Rd4 34.
Rxd4 cxd4 35. Nd6 Rxe5 36. Nxb7 c5 37. Nd6 Re2 38. Rf2 Re1+ 39. Bf1 Nd7 40. Re2
Rxe2 41. Bxe2 Ne5 42. Bxa6 d3 43. Nc4 Nf3+ 44. Kf2 d2 45. Ne3 Nd4 46. Be2 h5
47. Bxh5 Kf8 48. Bd1 c4 49. Nxc4 Nxf5 50. Nxd2 Nd6 51. Bc2 f5 52. Bd3 1-0

[Event "4NCL Division 3"]
[Site "Daventry Court ENG"]
[Date "2014.03.23"]
[Round "8.169"]
[White "Dixon, Chris"]
[Black "Davison, Colin FS"]
[Result "1/2-1/2"]
[WhiteElo "1830"]
[BlackElo "2058"]
[PlyCount "41"]
[EventDate "2014.03.23"]
[WhiteTeam "The Full Ponty"]
[BlackTeam "Cheddleton 2"]

1. e4 e6 2. d3 d5 3. Nd2 Nf6 4. Ngf3 c5 5. g3 Nc6 6. Bg2 Be7 7. O-O O-O 8. Re1
Re8 9. e5 Nd7 10. Nf1 Nf8 11. h4 f6 12. exf6 Bxf6 13. Bg5 h6 14. Bxf6 Qxf6 15.
Ne3 Qxb2 16. Nxd5 Rd8 17. Ne3 Nd4 18. Nxd4 Qxd4 19. Ng4 Rb8 20. Ne5 Bd7 21. Rb1
1/2-1/2

[Event "4NCL Division 3"]
[Site "Daventry Court ENG"]
[Date "2014.03.23"]
[Round "8.170"]
[White "Edwards, Simon R"]
[Black "Gilbert, Colin"]
[Result "1-0"]
[WhiteElo "1966"]
[BlackElo "1789"]
[PlyCount "89"]
[EventDate "2014.03.23"]
[WhiteTeam "Cheddleton 2"]
[BlackTeam "The Full Ponty"]

1. e4 c5 2. Nc3 e6 3. f4 Nc6 4. Nf3 a6 5. g3 d6 6. Bg2 Nf6 7. O-O Be7 8. b3 Qc7
9. Bb2 b5 10. d3 Bb7 11. h3 O-O-O 12. Ne2 e5 13. c4 Nh5 14. g4 Nxf4 15. Nxf4
exf4 16. Bxg7 Rhg8 17. Bh6 Bf6 18. Rc1 Nd4 19. Bxf4 h5 20. g5 Nxf3+ 21. Qxf3
Bxg5 22. Qxh5 f6 23. Rc2 Kb8 24. Bxg5 Rxg5 25. Qh6 Rdg8 26. Rxf6 Qe7 27. Re6
Qg7 28. Qxg7 R5xg7 29. Rxd6 Bc8 30. Kf1 Rg3 31. cxb5 Bxh3 32. Bxh3 Rxh3 33. Rf2
Rh1+ 34. Ke2 Rgg1 35. Rb6+ Ka7 36. Rxa6+ Kb7 37. Re6 Re1+ 38. Kd2 Rd1+ 39. Kc3
Rc1+ 40. Kb2 Rb1+ 41. Ka3 Rh8 42. Rf7+ Kc8 43. Rc6+ Kb8 44. Rxc5 Ra1 45. Rg5
1-0

[Event "4NCL Division 3"]
[Site "Daventry Court ENG"]
[Date "2014.03.23"]
[Round "8.175"]
[White "Chan, Nevil"]
[Black "Mounce, Richard B"]
[Result "1-0"]
[WhiteElo "2004"]
[BlackElo "2051"]
[PlyCount "89"]
[EventDate "2014.03.23"]
[WhiteTeam "Cambridge University 3"]
[BlackTeam "Jorvik"]

1. d4 Nf6 2. Nc3 d5 3. Bg5 Bf5 4. Bxf6 gxf6 5. e3 c6 6. Bd3 Qd7 7. Nge2 e5 8.
Bxf5 Qxf5 9. Ng3 Qg6 10. Qf3 Nd7 11. Nf5 Rg8 12. a3 Qxg2 13. Qxg2 Rxg2 14. Ng3
Nb6 15. Kf1 Rxg3 16. hxg3 h6 17. b3 Kd7 18. Ke2 Ke6 19. Rh5 Bg7 20. g4 Rc8 21.
Kd2 c5 22. dxc5 Rxc5 23. Ne2 Nc8 24. Ng3 Nd6 25. f3 Ke7 26. Nf5+ Nxf5 27. gxf5
Bf8 28. Rg1 Rc8 29. Rg8 Kd7 30. Kd3 Rd8 31. c3 Bxa3 32. Rxd8+ Kxd8 33. b4 b6
34. Rxh6 Ke7 35. b5 Bc5 36. Rh1 Kd6 37. Ra1 Ke7 38. Rxa7+ Ke8 39. Rc7 Be7 40.
c4 dxc4+ 41. Kxc4 Bd8 42. Rb7 Kf8 43. Kd5 Ke8 44. Kc6 Kf8 45. Kd7 1-0

[Event "4NCL Division 3"]
[Site "Daventry Court ENG"]
[Date "2014.03.23"]
[Round "8.177"]
[White "Kreuzer, Christopher RL"]
[Black "Cowan, Richard M"]
[Result "1/2-1/2"]
[WhiteElo "1916"]
[BlackElo "1836"]
[PlyCount "144"]
[EventDate "2014.03.23"]
[WhiteTeam "Cambridge University 3"]
[BlackTeam "Jorvik"]

1. e4 c6 2. d4 d5 3. e5 Bf5 4. Bd3 Bxd3 5. Qxd3 e6 6. Be3 Nd7 7. Ne2 f5 8. h4
Qc7 9. Nf4 Kf7 10. Nd2 g6 11. Nf3 Be7 12. Nh3 Re8 13. h5 Kg7 14. h6+ Kf7 15.
Bg5 Bf8 16. Nf4 Qa5+ 17. c3 c5 18. a3 cxd4 19. b4 Qa4 20. Qxd4 Qc2 21. Qd3 Qxd3
22. Nxd3 Ne7 23. Be3 Nc8 24. Ng5+ Ke7 25. Bd4 Ncb6 26. Nf4 Nc4 27. Ngxe6 Ndxe5
28. Nc7 Rd8 29. Ncxd5+ Kf7 30. Ne3 Nxe3 31. fxe3 Bd6 32. O-O-O Rhe8 33. Bxe5
Bxe5 34. Rxd8 Rxd8 35. Kc2 g5 36. Ne2 Kg6 37. Nd4 Re8 38. Kd3 g4 39. Rf1 Rf8
40. Rh1 Rf7 41. Ne2 Rd7+ 42. Kc2 Kg5 43. g3 Rd6 44. Nf4 Rxh6 45. Rxh6 Kxh6 46.
c4 Kg5 47. Kd2 h5 48. Ke2 h4 49. gxh4+ Kh6 50. Kf2 Bf6 51. Kg3 Bb2 52. a4 Bc3
53. Nd3 Bd2 54. c5 Bxe3 55. b5 Kg6 56. a5 Kf6 57. c6 bxc6 58. bxc6 Ke6 59. Nf4+
Kd6 60. c7 Kd7 61. Nd5 Bd2 62. a6 Be1+ 63. Kg2 Bxh4 64. Ne3 Kxc7 65. Nxf5 Bf6
66. Ne3 Bd4 67. Nxg4 Kb6 68. Kf3 Kxa6 69. Ke4 Bg7 70. Kd3 Kb5 71. Kc2 Bd4 72.
Kb3 a6 1/2-1/2

[Event "4NCL Division 3"]
[Site "Daventry Court ENG"]
[Date "2014.03.23"]
[Round "8.178"]
[White "Flint, Martina"]
[Black "Lim, Mark"]
[Result "0-1"]
[WhiteElo "1848"]
[BlackElo "1852"]
[PlyCount "96"]
[EventDate "2014.03.23"]
[WhiteTeam "Jorvik"]
[BlackTeam "Cambridge University 3"]

1. f4 d5 2. g3 h5 3. Nf3 h4 4. gxh4 e5 5. fxe5 Be7 6. d3 Bxh4+ 7. Kd2 Nc6 8. c3
d4 9. Rg1 g6 10. Qa4 Bf2 11. Rg2 Be3+ 12. Kc2 Bh3 13. Bxe3 dxe3 14. Rg1 Qd5 15.
Bxh3 Rxh3 16. Qf4 O-O-O 17. Qxe3 Nge7 18. Nbd2 Nf5 19. Qf2 Nxe5 20. Nxe5 Qxe5
21. Nf3 Ne3+ 22. Kd2 Nc4+ 23. Ke1 Rxf3 24. Qxf3 Nxb2 25. d4 Qxh2 26. Kd2 Re8
27. Qg4+ Kb8 28. Rab1 Nc4+ 29. Kd3 Nd6 30. Qf3 Qh4 31. Rg4 Qe7 32. e4 b6 33. a4
Qe6 34. d5 Qd7 35. a5 Qa4 36. e5 Qa2 37. Rh1 Rxe5 38. Rh8+ Kb7 39. axb6 Qb1+
40. Kd2 Qa2+ 41. Kd3 axb6 42. Rd4 Qb1+ 43. Kd2 Qe1+ 44. Kd3 Rf5 45. Rf4 Qb1+
46. Kd2 Nc4+ 47. Ke2 Qc2+ 48. Kf1 Nd2+ 0-1

[Event "4NCL Division 3"]
[Site "Daventry Court ENG"]
[Date "2014.03.23"]
[Round "8.185"]
[White "Ludbrook, Matthew"]
[Black "Bennett, Patrick"]
[Result "0-1"]
[WhiteElo "2005"]
[BlackElo "2014"]
[PlyCount "64"]
[EventDate "2014.03.23"]
[WhiteTeam "Oxford 2"]
[BlackTeam "Holmes Chapel"]

1. e4 Nf6 2. e5 Nd5 3. d4 d6 4. f4 dxe5 5. fxe5 Nc6 6. c3 Bf5 7. Bd3 Bxd3 8.
Qxd3 e6 9. Ne2 Qh4+ 10. g3 Qh3 11. Nd2 Be7 12. Ne4 O-O-O 13. Qf3 f6 14. exf6
Bxf6 15. Bg5 e5 16. Bxf6 gxf6 17. O-O-O Rhe8 18. Rd2 Qh6 19. dxe5 Nxe5 20. Qf5+
Kb8 21. Nf4 Nxf4 22. gxf4 Nd3+ 23. Kc2 Qxf4 24. Qxf4 Nxf4 25. Nxf6 Rxd2+ 26.
Kxd2 Re2+ 27. Kd1 Rxb2 28. Re1 c6 29. Nxh7 Rxh2 30. Re8+ Kc7 31. Re7+ Kb6 32.
a4 Nd5 0-1

[Event "4NCL Division 3"]
[Site "Daventry Court ENG"]
[Date "2014.03.23"]
[Round "8.186"]
[White "Clark, Robert G"]
[Black "Burrows, Nick"]
[Result "1-0"]
[WhiteElo "1998"]
[BlackElo "1874"]
[PlyCount "45"]
[EventDate "2014.03.23"]
[WhiteTeam "Holmes Chapel"]
[BlackTeam "Oxford 2"]

1. e4 c6 2. d4 d5 3. Nc3 dxe4 4. Nxe4 Bf5 5. Ng3 Bg6 6. Nf3 Nd7 7. h4 h6 8. h5
Bh7 9. Bd3 Bxd3 10. Qxd3 e6 11. Bf4 Qa5+ 12. Kf1 Ngf6 13. a3 Be7 14. Re1 b5 15.
Rh3 Nd5 16. Be5 O-O 17. Bxg7 Kxg7 18. Rxe6 Bg5 19. Nxg5 hxg5 20. Nf5+ Kg8 21.
Rh6 N7f6 22. Rg3 g4 23. Rxg4+ 1-0

[Event "4NCL Division 3"]
[Site "Daventry Court ENG"]
[Date "2014.03.23"]
[Round "8.187"]
[White "Nandi, Robin J"]
[Black "Turner, John M"]
[Result "1/2-1/2"]
[WhiteElo "1953"]
[BlackElo "2035"]
[PlyCount "127"]
[EventDate "2014.03.23"]
[WhiteTeam "Oxford 2"]
[BlackTeam "Holmes Chapel"]

1. d4 d5 2. c4 dxc4 3. e4 e5 4. Bxc4 Qxd4 5. Qe2 Nc6 6. Nf3 Bb4+ 7. Nbd2 Qd8 8.
O-O Nf6 9. a3 Bd6 10. Nb3 O-O 11. Bg5 h6 12. Bh4 Qe7 13. Rfd1 Nd8 14. Rac1 Ne6
15. Bg3 Ng5 16. Nh4 Be6 17. Nf5 Bxf5 18. exf5 Rfe8 19. Na5 Rab8 20. Bb5 Red8
21. Rc4 a6 22. Bxa6 bxa6 23. Nc6 Qe8 24. Nxd8 Rxd8 25. f4 exf4 26. Qxe8+ Rxe8
27. Bxf4 Bxf4 28. Rxf4 Nge4 29. Rc1 c5 30. Rc4 Rb8 31. Rfxe4 Nxe4 32. Rxe4 Rxb2
33. Rc4 Rb3 34. Rxc5 Rxa3 35. Rc8+ Kh7 36. Rc7 f6 37. Ra7 h5 38. h4 Ra5 39. Kh2
Rxf5 40. Rxa6 Rf4 41. Kg3 Rg4+ 42. Kh3 Kg6 43. Ra5 Re4 44. Ra7 Rb4 45. g3 Rb2
46. Rc7 Rf2 47. Ra7 Kh6 48. Rb7 Ra2 49. Rc7 Ra4 50. Kg2 Rg4 51. Ra7 Kg6 52. Ra5
f5 53. Ra6+ Kh7 54. Ra5 g6 55. Ra7+ Kg8 56. Kh3 Re4 57. Kg2 Kf8 58. Rb7 Re7 59.
Rb8+ Kf7 60. Rb6 Re6 61. Rb7+ Kf6 62. Rb5 Rd6 63. Ra5 Ke6 64. Kf3 1/2-1/2

[Event "4NCL Division 3"]
[Site "Daventry Court ENG"]
[Date "2014.03.23"]
[Round "8.189"]
[White "Neatherway, A Philip"]
[Black "Higgie, Charles L"]
[Result "1-0"]
[WhiteElo "1856"]
[BlackElo "1831"]
[PlyCount "85"]
[EventDate "2014.03.23"]
[WhiteTeam "Oxford 2"]
[BlackTeam "Holmes Chapel"]

1. e4 c5 2. Nf3 Nc6 3. d4 cxd4 4. Nxd4 Nf6 5. Nc3 d6 6. Bg5 e6 7. Qd2 Be7 8.
O-O-O a6 9. f3 Bd7 10. g4 Rc8 11. Be3 Nxd4 12. Bxd4 e5 13. Be3 Be6 14. g5 Nd7
15. h4 Qa5 16. Kb1 Nb6 17. Nd5 Qxd2 18. Rxd2 Nxd5 19. exd5 Bf5 20. Bd3 g6 21.
h5 Rg8 22. b3 b5 23. Kb2 Bxd3 24. cxd3 f6 25. hxg6 hxg6 26. d4 Kf7 27. dxe5
fxe5 28. f4 exf4 29. Bxf4 Rh8 30. Rf1 Ke8 31. Re1 Kd7 32. Re6 Rcf8 33. Be3 Rf3
34. Re2 Rg8 35. Bd2 Bd8 36. Bb4 Bc7 37. Re7+ Kd8 38. Rh7 Rf5 39. Rc2 Bb6 40.
Rc6 Bd4+ 41. Ka3 Bc5 42. Bxc5 dxc5 43. Rxa6 1-0

[Event "4NCL Division 3"]
[Site "Daventry Court ENG"]
[Date "2014.03.23"]
[Round "8.195"]
[White "Robertson, David J"]
[Black "Williamson, Kevin J"]
[Result "1-0"]
[WhiteElo "1921"]
[BlackElo "2019"]
[PlyCount "109"]
[EventDate "2014.03.23"]
[WhiteTeam "Spirit of Atticus B"]
[BlackTeam "MK Phoenix 2"]

1. e4 d5 2. d4 dxe4 3. Nc3 Nf6 4. f3 exf3 5. Nxf3 e6 6. Bg5 Be7 7. Bd3 h6 8.
Bh4 O-O 9. Qe2 Nbd7 10. O-O-O c5 11. h3 cxd4 12. Nxd4 Nc5 13. Bc4 Qc7 14. Rhf1
Rd8 15. Ncb5 Qb8 16. Nf5 Rxd1+ 17. Kxd1 exf5 18. Qxe7 Ne6 19. Bxf6 gxf6 20. Nd6
Qc7 21. Qe8+ Kh7 22. Qxf7+ Qxf7 23. Nxf7 Ng5 24. Nd6 Be6 25. Bd3 Rd8 26. Nxf5
Bxa2 27. Rf4 Be6 28. Nd6+ Kg7 29. Nxb7 Rb8 30. Nc5 Bd5 31. h4 Ne6 32. Nxe6+
Bxe6 33. b4 Kf7 34. b5 Rd8 35. Kd2 Rd7 36. Kc3 Rc7+ 37. Kb4 Bd5 38. Bc4 Bxc4
39. Rxc4 Re7 40. c3 Kg6 41. g4 h5 42. gxh5+ Kxh5 43. Rf4 Kg6 44. c4 f5 45. c5
Kf6 46. c6 Ke5 47. Rf1 Rh7 48. Kc5 f4 49. Re1+ Kf5 50. Kd6 Rh6+ 51. Kd7 f3 52.
c7 Rh7+ 53. Re7 f2 54. c8=Q Rxe7+ 55. Kxe7+ 1-0

[Event "4NCL Division 3"]
[Site "Daventry Court ENG"]
[Date "2014.03.23"]
[Round "8.197"]
[White "Jackson, Sheila"]
[Black "Majer, Chris E"]
[Result "1-0"]
[WhiteElo "2139"]
[BlackElo "1986"]
[PlyCount "59"]
[EventDate "2014.03.23"]
[WhiteTeam "Spirit of Atticus B"]
[BlackTeam "MK Phoenix 2"]

1. e4 c6 2. d4 d5 3. Nc3 dxe4 4. Nxe4 Nf6 5. Nxf6+ gxf6 6. Bc4 Bf5 7. c3 Nd7 8.
Qb3 e6 9. Qxb7 Qc8 10. Qxc8+ Rxc8 11. Ne2 c5 12. Bb5 Rb8 13. a4 cxd4 14. Nxd4
Be4 15. f3 Bd5 16. b4 Rg8 17. O-O Bd6 18. Be3 Ke7 19. c4 Bb7 20. c5 Be5 21.
Rad1 a6 22. Nf5+ exf5 23. Bxd7 Bc8 24. c6 Bd6 25. Rxd6 Kxd6 26. Bf4+ Kd5 27.
Rd1+ Kc4 28. Bxb8 Bxd7 29. cxd7 Rxb8 30. d8=Q 1-0

[Event "4NCL Division 3"]
[Site "Daventry Court ENG"]
[Date "2014.03.23"]
[Round "8.199"]
[White "Bryant, Richard BE"]
[Black "Elwin, Adrian G"]
[Result "1/2-1/2"]
[WhiteElo "1964"]
[BlackElo "1978"]
[PlyCount "58"]
[EventDate "2014.03.23"]
[WhiteTeam "Spirit of Atticus B"]
[BlackTeam "MK Phoenix 2"]

1. e4 c6 2. d4 d5 3. exd5 cxd5 4. Bd3 Nf6 5. c3 Bg4 6. Qb3 Qc8 7. Bf4 Nc6 8.
Nd2 e6 9. Ngf3 Bxf3 10. Nxf3 Be7 11. h3 a6 12. a4 O-O 13. O-O Na5 14. Qc2 Nc4
15. Ne5 b5 16. axb5 axb5 17. Qe2 Qb7 18. b3 Nd6 19. Rab1 Nde4 20. Qb2 Rfc8 21.
Bd2 Qc7 22. c4 bxc4 23. bxc4 dxc4 24. Nxc4 Rab8 25. Qa2 Nxd2 26. Qxd2 Nd5 27.
Rfc1 Rxb1 28. Rxb1 Qf4 29. Qxf4 Nxf4 1/2-1/2

[Event "4NCL Division 3"]
[Site "Daventry Court ENG"]
[Date "2014.03.23"]
[Round "8.200"]
[White "Valentine, Brian J"]
[Black "Connor, Stephen J"]
[Result "1/2-1/2"]
[WhiteElo "1974"]
[BlackElo "2008"]
[PlyCount "107"]
[EventDate "2014.03.23"]
[WhiteTeam "MK Phoenix 2"]
[BlackTeam "Spirit of Atticus B"]

1. e4 c5 2. Nf3 d6 3. d4 cxd4 4. Nxd4 Nf6 5. Nc3 a6 6. Bg5 e6 7. f4 Be7 8. Qf3
Qc7 9. O-O-O Nbd7 10. Bd3 h6 11. Bh4 g5 12. fxg5 Ne5 13. Qe2 Nh7 14. Nf3 hxg5
15. Bg3 Bf6 16. Nxe5 Bxe5 17. Bxe5 dxe5 18. h4 Rg8 19. h5 Bd7 20. Rdf1 Ke7 21.
Qf2 Raf8 22. g4 f6 23. Rd1 Rf7 24. Qe2 Rc8 25. Qd2 Bc6 26. Rh3 Rd8 27. Kb1 Qb6
28. Qe2 Qc5 29. Qe3 Qxe3 30. Rxe3 Rff8 31. Kc1 Rf7 32. Ne2 Nf8 33. Bc4 Rxd1+
34. Kxd1 Nd7 35. Ng3 Rh7 36. b4 Rh8 37. Bb3 a5 38. c3 a4 39. Bc4 b5 40. Bd3 Nb6
41. Kc2 Rc8 42. Nf1 Bd7 43. Nd2 Kf7 44. Nb1 Nc4 45. Bxc4 Rxc4 46. Nd2 Rc8 47.
Nf3 Bc6 48. Ne1 Ke7 49. Nd3 Rh8 50. Nc5 Rd8 51. a3 Rh8 52. Kd2 Rd8+ 53. Rd3 Rh8
54. Re3 1/2-1/2

[Event "4NCL Division 3"]
[Site "Daventry Court ENG"]
[Date "2014.03.23"]
[Round "8.205"]
[White "Plater, Ron"]
[Black "Selway, Richard P"]
[Result "1/2-1/2"]
[WhiteElo "1938"]
[BlackElo "2044"]
[PlyCount "128"]
[EventDate "2014.03.23"]
[WhiteTeam "North East England 2"]
[BlackTeam "KJCA Knights"]

1. d4 e6 2. Nf3 f5 3. e3 Nf6 4. Be2 d5 5. O-O Bd6 6. b3 Qe7 7. c4 c6 8. g3 Nbd7
9. Bb2 Ne4 10. Nbd2 Qf6 11. a3 g5 12. Ne1 O-O 13. f3 Nxd2 14. Qxd2 Qg7 15. f4
Nf6 16. Bd3 Ne4 17. Bxe4 fxe4 18. Ng2 Bd7 19. fxg5 Qxg5 20. Rxf8+ Rxf8 21. Rf1
Qe7 22. Rxf8+ Qxf8 23. Qf2 Bxa3 24. Bxa3 Qxa3 25. Qf6 Qc1+ 26. Kf2 Qd2+ 27. Kf1
Qd1+ 28. Ne1 Qh5 29. Qd8+ Be8 30. c5 e5 31. Nc2 Kg7 32. Ke1 Bf7 33. Qe7 Qxh2
34. Qxe5+ Kg8 35. Qg5+ Kf8 36. Qd8+ Kg7 37. Qg5+ Bg6 38. Qe7+ Kg8 39. Qd8+ Kg7
40. Qe7+ Kg8 41. Qd8+ Kg7 42. Qe7+ Kh6 43. Qf8+ Kh5 44. Qf4 Qh3 45. b4 Qg4 46.
Qxg4+ Kxg4 47. Kf2 Kh3 48. Ne1 Kg4 49. Ng2 Bf7 50. Nf4 Kf5 51. Kg2 Kg4 52. Kf2
Kf5 53. Kg2 b6 54. cxb6 axb6 55. Kh3 Kg5 56. Kg2 h6 57. Ne2 Bh5 58. Nc3 b5 59.
Nb1 Be2 60. Kf2 Bc4 61. Nd2 Kg4 62. Nb1 Kh3 63. Nd2 h5 64. Nb1 Kh2 1/2-1/2

[Event "4NCL Division 3"]
[Site "Daventry Court ENG"]
[Date "2014.03.23"]
[Round "8.208"]
[White "Anilkumar, Anantha P (jnr)"]
[Black "Gazis, George"]
[Result "1/2-1/2"]
[WhiteElo "1747"]
[BlackElo "1710"]
[PlyCount "63"]
[EventDate "2014.03.23"]
[WhiteTeam "KJCA Knights"]
[BlackTeam "North East England 2"]

1. e4 c5 2. Nf3 Nc6 3. d4 cxd4 4. Nxd4 g6 5. c4 Bg7 6. Be3 Nf6 7. Nc3 d6 8. Be2
O-O 9. O-O Bd7 10. Qd2 a5 11. f3 Nxd4 12. Bxd4 Bc6 13. Rac1 Nd7 14. Bxg7 Kxg7
15. Nd5 Rc8 16. f4 Bxd5 17. cxd5 Qb6+ 18. Kh1 h5 19. f5 Qb4 20. Qxb4 axb4 21.
fxg6 fxg6 22. Bf3 Nb6 23. Rfe1 Rxc1 24. Rxc1 Rc8 25. Rxc8 Nxc8 26. Kg1 Kf6 27.
Kf2 Nb6 28. b3 Nd7 29. Ke3 Ke5 30. g3 Nc5 31. h4 Nd7 32. Bg2 1/2-1/2

[Event "4NCL Division 3"]
[Site "Daventry Court ENG"]
[Date "2014.03.23"]
[Round "8.215"]
[White "Taylor, Dale C"]
[Black "Cooper, Lawrence H"]
[Result "0-1"]
[WhiteElo "1949"]
[BlackElo "2320"]
[PlyCount "42"]
[EventDate "2014.03.23"]
[WhiteTeam "e2e4.org.uk 4"]
[BlackTeam "Midland Monarchs"]

1. Nf3 Nf6 2. c4 e6 3. g3 d5 4. Bg2 Be7 5. O-O O-O 6. b3 d4 7. d3 c5 8. e4 Nc6
9. h3 e5 10. Nh2 Ne8 11. f4 Rb8 12. Nf3 exf4 13. gxf4 f5 14. Nbd2 Nc7 15. exf5
Bxf5 16. Ne4 Qd7 17. Kh2 Ne6 18. Ne5 Nxe5 19. fxe5 Qc7 20. Qe2 Qxe5+ 21. Kh1
Bd6 0-1

[Event "4NCL Division 3"]
[Site "Daventry Court ENG"]
[Date "2014.03.23"]
[Round "8.216"]
[White "Ukken, Somton"]
[Black "Livesey, R  Nigel"]
[Result "0-1"]
[WhiteElo "1932"]
[BlackElo "1890"]
[PlyCount "58"]
[EventDate "2014.03.23"]
[WhiteTeam "Midland Monarchs"]
[BlackTeam "e2e4.org.uk 4"]

1. d4 e6 2. c4 f5 3. Nc3 Nf6 4. Bg5 Be7 5. Bxf6 Bxf6 6. e4 fxe4 7. Nxe4 O-O 8.
Nxf6+ Qxf6 9. Nf3 b6 10. Be2 Bb7 11. O-O Nc6 12. Qd2 Kh8 13. Rac1 d6 14. b4 Ne7
15. Rc3 Ng6 16. Ne1 e5 17. d5 a5 18. b5 Bc8 19. Rg3 Nf4 20. Bg4 Qh6 21. Qe3
Bxg4 22. Rxg4 Qh5 23. Rg3 Ne2+ 24. Kh1 Nxg3+ 25. Qxg3 Qe2 26. Qd3 Rxf2 27. Rxf2
Qxf2 28. Nf3 Re8 29. Qf5 Qf1+ 0-1

[Event "4NCL Division 3"]
[Site "Daventry Court ENG"]
[Date "2014.03.23"]
[Round "8.219"]
[White "Levens, David G"]
[Black "Neil, Jennifer"]
[Result "1-0"]
[WhiteElo "1968"]
[BlackElo "1567"]
[PlyCount "117"]
[EventDate "2014.03.23"]
[WhiteTeam "e2e4.org.uk 4"]
[BlackTeam "Midland Monarchs"]

1. e4 c5 2. d4 cxd4 3. c3 d5 4. exd5 Qxd5 5. Nf3 Nc6 6. cxd4 Nf6 7. Nc3 Qd8 8.
d5 Nb8 9. Bc4 e6 10. Qe2 Qe7 11. Nb5 Na6 12. d6 Qd8 13. Bf4 Bd7 14. Nc7+ Nxc7
15. dxc7 Qc8 16. O-O Be7 17. Qe5 O-O 18. Rac1 Ne8 19. Rfd1 Bf6 20. Qe2 Nxc7 21.
Bxe6 Bxe6 22. Rxc7 Qe8 23. Bd6 Qd8 24. Qc2 Rc8 25. Bxf8 Qxc7 26. Qxc7 Rxc7 27.
Bb4 Bxa2 28. Ra1 Be6 29. Rxa7 Bxb2 30. Ba5 Bd4 31. Ra8+ Rc8 32. Rxc8+ Bxc8 33.
Nxd4 Kf8 34. Bb4+ Ke8 35. Nb5 Kd7 36. Nd6 f6 37. Nxc8 Kxc8 38. Kf1 Kc7 39. Ke2
Kc6 40. Kd3 Kd5 41. f3 f5 42. Bf8 g6 43. Bh6 b5 44. Bd2 Kc5 45. Ke3 b4 46. Kf4
b3 47. Bc3 Kc4 48. Bg7 Kd3 49. Kg5 Ke2 50. g4 Kxf3 51. gxf5 gxf5 52. Kxf5 h6
53. h4 Kg3 54. h5 Kh4 55. Kg6 Kg4 56. Bb2 Kf4 57. Kxh6 Kf5 58. Kg7 Kg5 59. h6
1-0

[Event "4NCL Division 3"]
[Site "Daventry Court ENG"]
[Date "2014.03.23"]
[Round "8.220"]
[White "Somton, Anita"]
[Black "Nwachukwu, Chino"]
[Result "0-1"]
[WhiteElo "1470"]
[BlackElo "1908"]
[PlyCount "64"]
[EventDate "2014.03.23"]
[WhiteTeam "Midland Monarchs"]
[BlackTeam "e2e4.org.uk 4"]

1. d4 Nf6 2. c4 g6 3. Nc3 d5 4. Nf3 Bg7 5. cxd5 Nxd5 6. e4 Nxc3 7. bxc3 c5 8.
h3 O-O 9. Bc4 Nc6 10. Be3 a6 11. O-O Na5 12. Be2 cxd4 13. cxd4 f5 14. e5 Be6
15. h4 Bd5 16. Bf4 Rc8 17. Re1 e6 18. g3 b5 19. Bd2 Nc4 20. Bb4 Rf7 21. Rb1 a5
22. Bc5 b4 23. Nd2 Nxe5 24. Bxb4 Nc6 25. Bc5 Nxd4 26. Bxd4 Bxd4 27. a4 Rd7 28.
Bb5 Rd6 29. Qe2 Rc2 30. Red1 Bc3 31. Qd3 Be4 32. Qe3 Rcxd2 0-1

[Event "4NCL Division 3"]
[Site "Daventry Court ENG"]
[Date "2014.03.23"]
[Round "8.225"]
[White "Wallis, Ian J"]
[Black "Makepeace, Philip J"]
[Result "0-1"]
[WhiteElo "2019"]
[BlackElo "2098"]
[PlyCount "39"]
[EventDate "2014.03.23"]
[WhiteTeam "Anglian Avengers 3"]
[BlackTeam "Bucks Juniors"]

1. e4 c6 2. d4 d5 3. f3 e6 4. Nc3 Bb4 5. Bf4 dxe4 6. fxe4 Nf6 7. Qd3 Nbd7 8.
Nge2 O-O 9. O-O-O a5 10. e5 Nd5 11. Nxd5 cxd5 12. Qg3 Kh8 13. Bg5 Be7 14. Bxe7
Qxe7 15. Nf4 b6 16. h4 f6 17. h5 Qf7 18. Ng6+ Kg8 19. Nxf8 Nxf8 20. h6 {
White's mobile phone rang.} 0-1

[Event "4NCL Division 3"]
[Site "Daventry Court ENG"]
[Date "2014.03.23"]
[Round "8.226"]
[White "Basham, Edward P"]
[Black "Fogg, Martin"]
[Result "1/2-1/2"]
[WhiteElo "1855"]
[BlackElo "1936"]
[PlyCount "94"]
[EventDate "2014.03.23"]
[WhiteTeam "Bucks Juniors"]
[BlackTeam "Anglian Avengers 3"]

1. e4 c5 2. Nc3 a6 3. a4 d6 4. Bc4 Nf6 5. h3 e6 6. Nf3 Qc7 7. O-O Be7 8. Bb3
Nc6 9. d4 cxd4 10. Nxd4 O-O 11. Be3 Na5 12. Qe2 Bd7 13. Ba2 Rac8 14. Rfd1 Rfd8
15. Rd3 Nc6 16. Bg5 Nxd4 17. Rxd4 Qb6 18. Rd3 h6 19. Be3 Qb4 20. Bd2 Kf8 21.
Bb3 Bc6 22. f3 Qc5+ 23. Be3 Qe5 24. Rad1 Nh5 25. Qd2 g5 26. Ne2 Ng3 27. Nd4 Qg7
28. Bf2 Nh5 29. Bxe6 Nf4 30. Nf5 Qg6 31. Nxe7 Qxe6 32. Nxc8 Nxd3 33. Qxd3 Qxc8
34. Qd4 Qe6 35. Bg3 Ke7 36. e5 d5 37. Qc5+ Ke8 38. b3 Qe7 39. Qe3 Qe6 40. h4 f6
41. Qd4 Kf7 42. hxg5 hxg5 43. exf6 Qxf6 44. Qxf6+ Kxf6 45. Re1 Re8 46. Rxe8
Bxe8 47. Kf2 Bg6 1/2-1/2

[Event "4NCL Division 3"]
[Site "Daventry Court ENG"]
[Date "2014.03.23"]
[Round "8.227"]
[White "Hopkins, Phil"]
[Black "Melsom, Jonathan T"]
[Result "1/2-1/2"]
[WhiteElo "2022"]
[BlackElo "1702"]
[PlyCount "48"]
[EventDate "2014.03.23"]
[WhiteTeam "Anglian Avengers 3"]
[BlackTeam "Bucks Juniors"]

1. e4 e6 2. Nf3 d5 3. Nc3 Nf6 4. e5 Nfd7 5. d4 c5 6. dxc5 Nc6 7. Bf4 Bxc5 8.
Bd3 f6 9. Qe2 O-O 10. exf6 Nxf6 11. O-O a6 12. Ne5 Nd4 13. Qd1 Nc6 14. Nxc6
bxc6 15. Be5 Bd6 16. f4 c5 17. b3 Ra7 18. Qe2 Qb6 19. Na4 Qc6 20. c4 Raf7 21.
Rac1 d4 22. Bxf6 Rxf6 23. Be4 Qc7 24. g3 e5 1/2-1/2

[Event "4NCL Division 3"]
[Site "Daventry Court ENG"]
[Date "2014.03.23"]
[Round "8.229"]
[White "Peck, Silas"]
[Black "Golding, William"]
[Result "1-0"]
[WhiteElo "1841"]
[BlackElo "1403"]
[PlyCount "97"]
[EventDate "2014.03.23"]
[WhiteTeam "Anglian Avengers 3"]
[BlackTeam "Bucks Juniors"]

1. e4 d5 2. exd5 Nf6 3. d4 c6 4. dxc6 Nxc6 5. Nf3 Bg4 6. Be2 e6 7. O-O Be7 8.
Bf4 O-O 9. c3 Nd5 10. Bg3 Bf5 11. Nbd2 h6 12. Nc4 Bf6 13. Nd6 Qe7 14. Qb3 Nb6
15. Nxf5 exf5 16. Rfe1 Qd8 17. Rad1 Nd5 18. c4 Na5 19. Qb5 Ne7 20. b4 Nac6 21.
d5 a6 22. Qxb7 Ra7 23. dxc6 Rxb7 24. Rxd8 Nxc6 25. Rxf8+ Kxf8 26. b5 Nb4 27.
Bd6+ Be7 28. Bxb4 Bxb4 29. bxa6 Re7 30. Rb1 Rxe2 31. Rxb4 Rxa2 32. Kf1 Rxa6 33.
Nd4 Ra8 34. Nxf5 Ra1+ 35. Ke2 f6 36. Rb7 Ra3 37. Nxg7 Rc3 38. c5 Kg8 39. Ne6 f5
40. Kd2 Ra3 41. c6 Ra6 42. c7 Rd6+ 43. Kc3 Rc6+ 44. Kd4 Rd6+ 45. Ke5 Rxe6+ 46.
Kxe6 Kg7 47. Kxf5 h5 48. c8=R+ Kh6 49. Rh8# 1-0